00366 a2200145 450000100060000002000180000604000240002410000220004824000510007024500460012130000070016736200090017444000130018365000240019668692 a9788526271692 cAnchieta - Itaigara aCapdevila, Carles10aAs trigêmeas, as três gotas de águalpor10aAs trigêmeas, as três gotas de água a400 a2008 1aScipione 4aLiteratura infantil